Le guide du Bénin (Record no. 42224)

MARC details
000 -LEADER
fixed length control field 00627 a2200241 4500
037 ## - SOURCE OF ACQUISITION
Source of stock number/acquisition 2, WVSC
037 ## - SOURCE OF ACQUISITION
Stock number L 15301
037 ## - SOURCE OF ACQUISITION
Stock number L 15302
020 ## - NUMERO INTERNATIONAL NORMALISE DES LIVRES
International Standard Book Number 2862739464
100 ## - VEDETTE PRINCIPALE - NOM DE PERSONNE
Language of a work Fr
260 ## - PUBLICATION, DISTRIBUTION, ETC. (IMPRINT)
Place of publication, distribution, etc Poitiers
260 ## - PUBLICATION, DISTRIBUTION, ETC. (IMPRINT)
Name of publisher, distributor, etc Nouvelles Editions de l'Université
245 ## - TITLE STATEMENT
Title Le guide du Bénin
260 ## - PUBLICATION, DISTRIBUTION, ETC. (IMPRINT)
Date of publication, distribution, etc 2001
300 ## - PHYSICAL DESCRIPTION
Extent 159 p.
300 ## - PHYSICAL DESCRIPTION
Other physical details 22cm
440 ## - SERIES STATEMENT/ADDED ENTRY--TITLE
Title Petitfuté
630 ## - SUBJECT ADDED ENTRY--UNIFORM TITLE
Uniform title 91 - Geographie. exploration de la terre, des diverses regions, des divers pays. Voyages. Geographie regionale
650 ## - SUBJECT ADDED ENTRY--TOPICAL TERM
Topical term or geographic name as entry element 9 - GEOGRAPHIE ET HISTOIRE
650 ## - SUBJECT ADDED ENTRY--TOPICAL TERM
Topical term or geographic name as entry element Bénin : guide touristique
Holdings
Withdrawn status Lost status Damaged status Not for loan Location (home branch) Sublocation or collection (holding branch) Date acquired Koha issues (times borrowed) Koha full call number Koha date last seen Price effective from Koha item type
        Bibliothèque Universitaire Centrale Bibliothèque Universitaire Centrale 28/02/2009   916.682 GUI 28/02/2009 28/02/2009 Livre


© 2008, Bibliothèques de l'Université d'Abomey-Calavi

04 BP 789 Cotonou, Tél. : +229 21 36 01 01, Fax : +229 21 35 06 32

Courriel : bu@bu.uac.bj